Build Your Own Low-Cost Log Home (Record no. 8323)
[ view plain ]
| 000 -LEADER | |
|---|---|
| fixed length control field | 00436nam a22001457a 4500 |
| 005 - DATE AND TIME OF LATEST TRANSACTION | |
| control field | 20251121190809.0 |
| 008 - FIXED-LENGTH DATA ELEMENTS--GENERAL INFORMATION | |
| fixed length control field | 251121b |||||||| |||| 00| 0 eng d |
| 020 ## - INTERNATIONAL STANDARD BOOK NUMBER | |
| International Standard Book Number | 0882660977 |
| 050 ## - LIBRARY OF CONGRESS CALL NUMBER | |
| Classification number | TH4840 |
| Item number | .H37 |
| 100 ## - MAIN ENTRY--PERSONAL NAME | |
| Personal name | Hard, Roger |
| 245 ## - TITLE STATEMENT | |
| Title | Build Your Own Low-Cost Log Home |
| Statement of responsibility, etc. | Roger Hard, illustrations by Kathryn Hard |
| 260 ## - PUBLICATION, DISTRIBUTION, ETC. | |
| Place of publication, distribution, etc. | Charlotte, Vermont |
| Name of publisher, distributor, etc. | Garden Way Publishing |
| Date of publication, distribution, etc. | 1977 |
| 300 ## - PHYSICAL DESCRIPTION | |
| Extent | 200p. |
| Other physical details | ill. |
| Dimensions | 28cm |
| 942 ## - ADDED ENTRY ELEMENTS (KOHA) | |
| Source of classification or shelving scheme | Library of Congress Classification |
| Koha item type | Books |
| Suppress in OPAC | No |
| 999 ## - | |
| -- | 8323 |
| -- | 8323 |
| Withdrawn status | Lost status | Source of classification or shelving scheme | Damaged status | Not for loan | Collection | Home library | Current library | Shelving location | Date acquired | Total checkouts | Full call number | Barcode | Date last seen | Copy number | Price effective from | Koha item type |
|---|---|---|---|---|---|---|---|---|---|---|---|---|---|---|---|---|
| Library of Congress Classification | Non-fiction | Science Library (Miotso) | Science Library (Miotso) | General stacks | 11/21/2025 | TH4840 .H37 HAR | SLM00005973 | 11/21/2025 | 1 | 11/21/2025 | Books |